Türkiye disindaki bazi arsivlerin türk tarih incelemelerine kazandirilmasi (Tunis ve Fransa arsivleri ِrnegi). (Record no. 12793)
[ view plain ]
| 000 -Label | |
|---|---|
| leader | 00595 2200205 4500 |
| 099 ## - Informations locales | |
| Type de document | Books |
| 100 ## - Données générales de traitement | |
| a | 20191202d1998 u||y0frey5050 ba |
| 101 ## - Langue | |
| langue document | turc |
| 102 ## - Pays d'édition ou de production | |
| pays d'édition | Turquie |
| 200 ## - Titre | |
| titre propre | Türkiye disindaki bazi arsivlerin türk tarih incelemelerine kazandirilmasi (Tunis ve Fransa arsivleri ِrnegi). |
| auteur | Ibrahim GULER |
| type document | Books |
| 210 ## - Editeur | |
| lieu de publication | <a href="Ankara">Ankara</a> |
| date de publication | <a href="1998">1998</a> |
| 215 ## - Description | |
| Importance matérielle | p. 295-319 |
| 300 ## - Note | |
| note | Extr. de Milli arsiv sûrasi |
| 607 ## - sujets | |
| sujet | TURQUIE |
| 610 ## - sujets | |
| Descripteur | ARCHIVES |
| 700 ## - Auteur | |
| auteur | GULER |
| prénom | Ibrahim |
| code de fonction | Auteur |
| koha internal code | 110857 |
| 801 ## - source de catalogage | |
| pays | TN |
| agence de catalogage | IRMC |
| règles de catalogage utilisées | UNIMARC |
| Propriétaire | Dépositaire | Localisation | Code barre | Cote | Date inventaire |
|---|---|---|---|---|---|
| Institut de Recherche sur le Maghreb Contemporain | Institut de Recherche sur le Maghreb Contemporain | Magasin | BR 22402 | BR 22402 | 06/12/2019 |